Embedded systems architecture a comprehensive guide for engineers and programmers /
Guardado en:
| Autor principal: | |
|---|---|
| Autor Corporativo: | |
| Formato: | Electrónico eBook |
| Lenguaje: | inglés |
| Publicado: |
Amsterdam ; Boston :
Elsevier/Newnes,
c2005.
|
| Colección: | Embedded technology series.
|
| Materias: | |
| Acceso en línea: | An electronic book accessible through the World Wide Web; click to view |
| Etiquetas: |
Sin Etiquetas, Sea el primero en etiquetar este registro!
|
MARC
| LEADER | 00000nam a2200000Ia 4500 | ||
|---|---|---|---|
| 001 | 0000093851 | ||
| 005 | 20171002054824.0 | ||
| 006 | m u | ||
| 007 | cr cn||||||||| | ||
| 008 | 050302s2005 ne ae sb 001 0 eng d | ||
| 010 | |z 2005297374 | ||
| 020 | |z 0750677929 | ||
| 020 | |z 9780750677929 | ||
| 035 | |a (CaPaEBR)ebr10186576 | ||
| 035 | |a (OCoLC)162593159 | ||
| 040 | |a CaPaEBR |c CaPaEBR | ||
| 050 | 1 | 4 | |a TK7895.E42 |b N64 2005eb |
| 100 | 1 | |a Noergaard, Tammy. | |
| 245 | 1 | 0 | |a Embedded systems architecture |h [electronic resource] : |b a comprehensive guide for engineers and programmers / |c by Tammy Noergaard. |
| 260 | |a Amsterdam ; |a Boston : |b Elsevier/Newnes, |c c2005. | ||
| 300 | |a xiv, 640 p. : |b ill., plans. | ||
| 490 | 1 | |a Embedded technology series | |
| 504 | |a Includes bibliographical references and index. | ||
| 533 | |a Electronic reproduction. |b Palo Alto, Calif. : |c ebrary, |d 2009. |n Available via World Wide Web. |n Access may be limited to ebrary affiliated libraries. | ||
| 650 | 0 | |a Computer architecture. | |
| 650 | 0 | |a Embedded computer systems. | |
| 655 | 7 | |a Electronic books. |2 local | |
| 710 | 2 | |a ebrary, Inc. | |
| 830 | 0 | |a Embedded technology series. | |
| 856 | 4 | 0 | |u http://site.ebrary.com/lib/daystar/Doc?id=10186576 |z An electronic book accessible through the World Wide Web; click to view |
| 908 | |a 170314 | ||
| 942 | 0 | 0 | |c EB |
| 999 | |c 83006 |d 83006 | ||